000 00670nam a2200181 i 4500
001 144013
003 ES-MaACL
005 20230906200927.0
007 t|
008 070214s1972 sp r ||||1| spa d
100 1 _aSimón Díaz, José.
_9106544
245 1 0 _aImpresos del siglo XVII
_b: bibliografía selectiva por materias de 3.500 ediciones príncipes en lengua castellana /
_cJosé Simón Díaz.
260 _aMadrid :
_bInstituto Miguel de Cervantes,
_c1972 (
_fRaycar)
300 _aXVI, 926 p. ;
_c25 cm.
650 4 _aEdiciones príncipe-
_vBibliografías.
_9156213
710 2 _aInstituto "Miguel de Cervantes"
_95133
852 _aES-MaACL
_jC-43021
_bR.82415
999 _c144013
_d144013